| Registos Bibliográficos associados ao registo de autoridade |
|
Etiqueta de registo: 00000nkm 2200025 450 001 2266963 003 http://id.bnportugal.gov.pt/bib/catbnp/2266963 100 ## $a20260213d1989 m y0pory01030103ba 101 0# $afre 102 ## $aFR 200 1# $aChants d'expérience, Per Morten Abrahamsen, Arlette-Luce, Quentin Bertoux$bVisual gráfico]$fMinistère des Affaires Etrangères$gphoto Arlette-Luce 210 #9 $aParis$cMinistère des Affaires Etrangères,$d1989$eFrance :$gBPC) 215 ## $a1 cartaz$ccolor.$d63,5x41,8 cm 317 ## $aColeção Madeira Luís 702 #1 $aArlette-Luce$4600$31985580 710 01 $aFrança.$bMinistère des Affaires Étrangères$368310 801 #0 $aPT$bBN$gRPC 966 ## $lBN$mICONOG$sCT. 21186 A.$x3 971 ## $cCaticonografia5$d20260213 995 ## $aPRR2026 $d20260213$iCaticonografia5
|
|
|